|
|
|
|
| LEADER |
00000ckm a2200000 a 4500 |
| 001 |
vtls011622034 |
| 003 |
SK-MaSNL |
| 005 |
20260512122227.0 |
| 007 |
kp bo |
| 008 |
240131s1952 xo g kuslo |
| 015 |
|
|
|a SNBG1952
|
| 035 |
|
|
|a urn:nbn:sk:snk-km00dtlm
|
| 035 |
|
|
|a urn:nbn:sk:snk-km3lueu
|
| 035 |
|
|
|a 961F2C6A-32E6-45C5-9383-A0E4F6E70ACB
|
| 040 |
|
|
|a SNK
|b slo
|c SNK
|e AACR2
|
| 041 |
0 |
|
|a slo
|
| 043 |
|
|
|a e-xo---
|
| 044 |
|
|
|a xo
|c SK
|
| 072 |
|
7 |
|a 913
|x Regionálna geografia
|2 konspekt
|
| 080 |
|
|
|a (084.121)
|2 2011
|
| 080 |
|
|
|a 913(437.6)
|2 2011
|
| 080 |
|
|
|a 711.73
|2 2011
|
| 080 |
|
|
|a 725
|2 2011
|
| 080 |
|
|
|a 728.3
|2 2011
|
| 245 |
0 |
0 |
|a Púchov
|h grafika
|
| 260 |
|
|
|a [Bratislava]
|b Tatran
|c 1952
|
| 300 |
|
|
|a 1 pohľadnica
|b čiernobiela
|c 10 x 14 cm
|
| 520 |
8 |
|
|a Zobrazenie: Pohľad v bielom orámovaní na ulicu s Budovou tzv. ,,Rožáku" so zmenenou reklamou - ODEVA. Vľavo aj vpravo vidno dve poschodové budovy z každej strany ulice. Uprostred záberu jazdí na ulici na bicykli žena. Vpravo na chodníku kráča niekoľko chodcov, medzi nimi aj žena s detským kočíkom. Vľavo má vo dvore budova hosto nasadené stromy bez lístia a tuje. Vpravo sú vo dvore domu tiež stromy
|
| 650 |
0 |
7 |
|a ulice
|2 SNKPH
|9 2938
|
| 650 |
0 |
7 |
|a obchody
|2 SNKPH
|9 3004
|
| 650 |
0 |
7 |
|a rodinné domy
|2 SNKPH
|9 2984
|
| 651 |
|
7 |
|a Púchov (Slovensko)
|2 SNKPHgeo
|9 29506
|
| 655 |
|
7 |
|a miestne pohľadnice
|2 SNKPH
|9 70510
|
| 852 |
|
|
|a Slovenská národná knižnica
|
| 958 |
|
|
|a GBN
|
| 958 |
|
|
|a GC
|
| 958 |
|
|
|a OND
|
| 958 |
|
|
|a EUIPO
|
| 999 |
|
|
|c 591920
|d 593850
|
| 952 |
|
|
|a SNK
|b SNK
|y PREZ
|7 0
|p 17A1222969
|o snkSP 20303
|z Pohľadnica prešla poštou.
|0 0
|1 0
|4 0
|d 2017-04-04
|f 1
|l 0
|r 2026-02-23 15:27:37
|w 2026-02-23
|